Anton Marec

Podrobná bibliografia
Hlavní autori: Marec, Anton, 1953-2021 (Autor), Halvoník, Alexander, 1945- (Autor)
Médium: Článok
Jazyk:slovenčina
Fyzický popis:Fotogr. 1
Predmet:

MARC

LEADER 00000nab a2200000 a 4500
001 vtls000515900
003 SK-MaSNL
005 20260303003621.0
008 120928c1994 xo 0 slo
015 |a SNBRB19rr/mm-uuuuu 
035 |a CL0516038 
040 |a SNKBUCL  |b slo  |c SNKBUCL  |e AACR2 
041 0 |a slo 
044 |a xo  |c SK 
080 |a 82:929:885.4  |2 1981 
080 |a 885.4  |2 1981 
100 1 |a Marec, Anton,  |d 1953-2021  |4 aut  |9 112978 
245 1 0 |a Anton Marec  |c Anton Marec, Alexander Halvoník 
300 |b Fotogr. 1 
500 |a Súčasťou rozhovoru úryvok z kn. Dolina dlhých tieňov 
600 1 7 |a Marec, Anton,  |d 1953-2021  |2 SNKMA  |9 112978 
655 7 |a rozhovory  |2 snkbucl  |9 31831 
655 7 |a články z odboru literárna veda a krásna literatúra  |2 snkbucl  |9 770045 
655 7 |a články z novín a časopisov  |2 snkbucl  |9 267496 
700 1 |a Halvoník, Alexander,  |d 1945-  |4 aut  |9 103645 
773 0 |t Knižná revue  |g Roč. 4, č. 8 (1994), s. 4 
850 |a Slovenská národná knižnica v Martine  |a MTA001 
852 |a SNK  |b KIS3GCP 
958 |a RK 
958 |a LX 
992 |a RBX 
999 |c 1573545  |d 1575475